[Event "World ol U16 07th"]
[Site "Mersin"]
[Date "2008.08.24"]
[Round "10"]
[White "Kannemeyer, Werner"]
[Black "Atman, Berkan"]
[Result "0-1"]
[WhiteElo "1862"]
[BlackElo "1941"]
[PlyCount "86"]
[EventDate "2008.08.17"]
[EventType "team-swiss"]
[EventRounds "10"]
[EventCountry "TUR"]
[SourceTitle "CBM 126 Extra"]
[Source "ChessBase"]
[SourceDate "2008.11.05"]
[SourceVersion "1"]
[SourceVersionDate "2008.11.05"]
[SourceQuality "1"]

1. d4 d5 2. f4 Bf5 3. Nf3 e6 4. e3 Bd6 5. Bd3 Nd7 6. 0-0 Ne7 7. Qe2 f6 8. e4 Bg4 9. e5 fxe5 10. fxe5 Bb4 11. c3 Ba5 12. Bg5 Nf8 13. Qf2 Qd7 14. Nfd2 0-0-0 15. Qh4 Bf5 16. Bxe7 Bxd3 17. Bxd8 Bxf1 18. Bxc7 Bxc7 19. Nxf1 h5 20. Nbd2 Bd8 21. Qf2 Ng6 22. Nf3 h4 23. Qc2 Nf4 24. c4 Kb8 25. cxd5 Nxd5 26. Rc1 g5 27. Qe4 Rf8 28. Ne3 Rf4 29. Qd3 Nxe3 30. Qxe3 Bb6 31. Rc4 Qd5 32. b3 h3 33. Qc3 a6 34. Rc5 Bxc5 35. Qxc5 Qxc5 36. dxc5 g4 37. Ng5 Rf5 38. Nxe6 Rxe5 39. Nf8 Kc8 40. gxh3 gxh3 41. Nh7 Rh5 42. Nf6 Rg5+ 43. Kh1 Rf5 0-1

[Event "World ol U16 07th"]
[Site "Mersin"]
[Date "2008.08.20"]
[Round "5"]
[White "Atman, Berkan"]
[Black "Kaplan, Ebru"]
[Result "1-0"]
[WhiteElo "1941"]
[BlackElo "1878"]
[PlyCount "63"]
[EventDate "2008.08.17"]
[EventType "team-swiss"]
[EventRounds "10"]
[EventCountry "TUR"]
[SourceTitle "CBM 126 Extra"]
[Source "ChessBase"]
[SourceDate "2008.11.05"]
[SourceVersion "1"]
[SourceVersionDate "2008.11.05"]
[SourceQuality "1"]

1. Nf3 c5 2. g3 g6 3. Bg2 Bg7 4. 0-0 e5 5. d3 Ne7 6. c4 Nbc6 7. Nc3 0-0 8. Rb1 d6 9. a3 a5 10. Bd2 h6 11. Nb5 d5 12. cxd5 Nxd5 13. Qc1 Nd4 14. Nbxd4 cxd4 15. Bxh6 Qd6 16. Bxg7 Kxg7 17. Nd2 Bg4 18. Nc4 Qe6 19. Re1 Rh8 20. Bxd5 Qxd5 21. Qg5 Rxh2 22. Qxe5+ Qxe5 23. Nxe5 Rah8 24. Nxg4 R2h5 25. Rbc1 g5 26. Kg2 f5 27. Rc7+ Kg6 28. Ne5+ Kf6 29. Nf3 g4 30. Nh4 f4 31. Rxb7 fxg3 32. fxg3 1-0

[Event "World ol U16 07th"]
[Site "Mersin"]
[Date "2008.08.20"]
[Round "6"]
[White "Petenyi, Tamas"]
[Black "Atman, Berkan"]
[Result "1-0"]
[WhiteElo "2288"]
[BlackElo "1941"]
[PlyCount "119"]
[EventDate "2008.08.17"]
[EventType "team-swiss"]
[EventRounds "10"]
[EventCountry "TUR"]
[SourceTitle "CBM 126 Extra"]
[Source "ChessBase"]
[SourceDate "2008.11.05"]
[SourceVersion "1"]
[SourceVersionDate "2008.11.05"]
[SourceQuality "1"]

1. e4 c5 2. Nf3 e6 3. d4 cxd4 4. Nxd4 a6 5. Bd3 Bc5 6. Nb3 Ba7 7. 0-0 Nc6 8. Qe2 Nge7 9. Nc3 0-0 10. Be3 Bxe3 11. Qxe3 d5 12. exd5 exd5 13. Ne2 Re8 14. Rad1 Ng6 15. Qg3 Qf6 16. Bxg6 Rxe2 17. Bd3 Re7 18. c3 Ne5 19. Rfe1 Bd7 20. Nd4 Rae8 21. b3 h5 22. h4 g6 23. Re3 b5 24. Be2 Bg4 25. f3 Bd7 26. Bf1 Kg7 27. Kh1 Nc6 28. Rxe7 Rxe7 29. Qf2 Re4 30. Nxc6 Bxc6 31. Kg1 Rf4 32. Rd3 Kh7 33. g3 Rf5 34. f4 Qe7 35. Qd4 Rf6 36. Re3 Re6 37. Rxe6 Qxe6 38. b4 Qe4 39. Qxe4 dxe4 40. c4 e3 41. cxb5 axb5 42. Bd3 Kg7 43. Kf1 Kf6 44. Ke2 Ke6 45. Kxe3 Kd6 46. Kd4 Bd7 47. a3 f5 48. Be2 Bc6 49. Bd1 Bd5 50. Bc2 Be6 51. Kc3 Bd5 52. Bb3 Bf3 53. Bf7 Bg4 54. Bxg6 Kd5 55. Kd3 Ke6 56. Kd4 Kd6 57. Be8 Be2 58. Ke3 Bd1 59. Bxb5 Kd5 60. Be2 1-0

[Event "World ol U16 07th"]
[Site "Mersin"]
[Date "2008.08.17"]
[Round "1"]
[White "Atman, Berkan"]
[Black "Sethuraman, SP."]
[Result "1/2-1/2"]
[WhiteElo "1941"]
[BlackElo "2425"]
[PlyCount "120"]
[EventDate "2008.08.17"]
[EventType "team-swiss"]
[EventRounds "10"]
[EventCountry "TUR"]
[SourceTitle "CBM 126 Extra"]
[Source "ChessBase"]
[SourceDate "2008.11.05"]
[SourceVersion "1"]
[SourceVersionDate "2008.11.05"]
[SourceQuality "1"]

1. Nf3 Nf6 2. g3 d5 3. Bg2 c6 4. d3 Bg4 5. Ne5 Bh5 6. 0-0 Nbd7 7. Nxd7 Qxd7 8. Bf4 e6 9. Nd2 Bd6 10. Bxd6 Qxd6 11. Re1 0-0 12. c4 Nd7 13. Qb3 Rab8 14. Rac1 f5 15. f4 Qc5+ 16. e3 d4 17. e4 e5 18. exf5 exf4 19. Bh3 Ne5 20. gxf4 Ng4 21. Bxg4 Bxg4 22. Re5 Qb6 23. c5+ Qxb3 24. Nxb3 Rbd8 25. Rc4 Bxf5 26. Rxd4 Bxd3 27. Rxd8 Rxd8 28. Re7 Ba6 29. Kf2 Kf8 30. Re4 Rd1 31. Rd4 Rh1 32. Kg3 Rb1 33. Rd2 Bc4 34. Na5 Bxa2 35. Nxb7 Bd5 36. Nd6 a5 37. f5 Ke7 38. Re2+ Kd7 39. Kf4 Rc1 40. Nb7 a4 41. Kg5 Rc4 42. f6 h6+ 43. Kg6 Rg4+ 44. Kh7 gxf6 45. Kxh6 f5 46. Nd6 f4 47. Ne4 Rg1 48. Nf6+ Kc7 49. Re7+ Kc8 50. Nxd5 cxd5 51. Rf7 Rg2 52. Rxf4 Rxh2+ 53. Kg5 Rxb2 54. Rxa4 Kd7 55. Ra6 Rc2 56. Rd6+ Kc7 57. Rxd5 Kc6 58. Rd8 Rxc5+ 59. Kf6 Rd5 60. Rxd5 Kxd5 1/2-1/2

[Event "TUR-chT"]
[Site "Kocaeli"]
[Date "2008.07.01"]
[Round "14"]
[White "Atman, Berkan"]
[Black "Deruni, Berc"]
[Result "0-1"]
[WhiteElo "1941"]
[BlackElo "2015"]
[PlyCount "120"]
[EventDate "2008.06.24"]
[EventType "team"]
[EventRounds "15"]
[EventCountry "TUR"]
[SourceTitle "CBM 125 Extra"]
[Source "ChessBase"]
[SourceDate "2008.09.01"]
[SourceVersion "1"]
[SourceVersionDate "2008.09.01"]
[SourceQuality "1"]

1. Nf3 Nf6 2. g3 g6 3. b3 Bg7 4. Bb2 0-0 5. Bg2 d6 6. c4 e5 7. d3 Nc6 8. 0-0 Nh5 9. Nc3 f5 10. e4 f4 11. Nd5 g5 12. b4 g4 13. Nd2 Nd4 14. Bxd4 exd4 15. b5 Be5 16. Qb3 Be6 17. a4 Rb8 18. Qa3 f3 19. Bh1 c6 20. bxc6 bxc6 21. Nb4 Nf4 22. Rfd1 Ne2+ 23. Kf1 Rc8 24. Ke1 a5 25. Na2 Rb8 26. Rab1 Qc7 27. Rxb8 Rxb8 28. Nxf3 gxf3 29. Bxf3 Nc3 30. Ra1 Qb6 31. Nc1 Rf8 32. Bh5 Qb4 33. Qxb4 axb4 34. f4 Bg7 35. Nb3 Ra8 36. a5 Bc8 37. Kf2 Bb7 38. g4 Bf6 39. g5 Bd8 40. h4 c5 41. Kg3 Bc6 42. Bg4 Ba4 43. Nd2 Rxa5 44. f5 Bc2 45. Re1 b3 46. e5 dxe5 47. f6 b2 48. Be6+ Kf8 49. Bf5 Ra1 50. Kf2 Rxe1 51. Kxe1 h6 52. Kf2 hxg5 53. hxg5 b1Q 54. Nxb1 Bxb1 55. Kf3 Bc2 56. Kg4 e4 57. Kf4 Bxd3 58. Ke5 Bxc4 59. Kd6 e3 60. Kd7 Bxf6 0-1

[Event "TUR-chT"]
[Site "Kocaeli"]
[Date "2008.06.25"]
[Round "4"]
[White "Akbulut, Firat Caglar"]
[Black "Atman, Berkan"]
[Result "1-0"]
[WhiteElo "1812"]
[BlackElo "1941"]
[PlyCount "53"]
[EventDate "2008.06.24"]
[EventType "team"]
[EventRounds "15"]
[EventCountry "TUR"]
[SourceTitle "CBM 125 Extra"]
[Source "ChessBase"]
[SourceDate "2008.09.01"]
[SourceVersion "1"]
[SourceVersionDate "2008.09.01"]
[SourceQuality "1"]

1. Nf3 Nf6 2. g3 b6 3. Bg2 Bb7 4. 0-0 e6 5. d3 Be7 6. Nbd2 0-0 7. c3 d5 8. Qc2 Nbd7 9. e4 dxe4 10. Nxe4 c5 11. Nxf6+ Bxf6 12. Be3 e5 13. Rad1 Qc7 14. Qb1 Rad8 15. d4 e4 16. Nd2 Ba6 17. Bf4 Qc8 18. Rfe1 Bd3 19. Qc1 cxd4 20. Bxe4 dxc3 21. Bxd3 cxd2 22. Bxd2 Nc5 23. Bf1 Nd3 24. Qxc8 Nxe1 25. Qg4 Rd4 26. Qe2 Rxd2 27. Rxd2 1-0